000 00607nam a2200193Ia 4500
008 140321s9999 xx 000 0 und d
020 _a9781111823450
050 _aHF 5635
_b.W422 2014
100 _aWeil, Roman L.
245 _aFinancial Accounting :
_ban introduction to concepts, methods, and uses /
_cRoman L. Weil, Katherine Schipper, & Jennifer Francis.
250 _a14th ed.
260 _aOhio :
_bSouth-Western Cengage Learning,
_cc2014.
300 _a845 p. :
_bill. ;
_c29 cm.
500 _aIncludes index.
521 _aBSA
650 _aAccounting.
942 _kFOR
_cBK
999 _c48592
_d48592